Vector mechanics for engineers (Record no. 544950)

000 -LEADER
fixed length control field 00674nam a22002057a 4500
020 ## - INTERNATIONAL STANDARD BOOK NUMBER
International Standard Book Number 0070799261
082 ## - DEWEY DECIMAL CLASSIFICATION NUMBER
Classification number 620.1054
Author Mark BEE
-- L-5, P-16
100 ## - MAIN ENTRY--PERSONAL NAME
Personal name Beer, Ferinand P.
9 (RLIN) 40694
245 ## - TITLE STATEMENT
Title Vector mechanics for engineers
Remainder of title dynamics
Statement of responsibility, etc. Beer, Ferinand P.
250 ## - EDITION STATEMENT
Edition statement 5th ed.
260 ## - PUBLICATION, DISTRIBUTION, ETC.
Place of publication, distribution, etc. New york, London
Name of publisher, distributor, etc. McGraw-Hill Book Company
Date of publication, distribution, etc. 1988
300 ## - PHYSICAL DESCRIPTION
Extent xxi, 1047 p.
Other physical details ill.
Dimensions 24 cm.
526 ## - STUDY PROGRAM INFORMATION NOTE
Program name 0
Interest level 0
Reading level 0
Title point value 620_105300000000000_BEE
526 ## - STUDY PROGRAM INFORMATION NOTE
Program name 0
Interest level 0
Reading level 0
Title point value 620_105300000000000_BEE
526 ## - STUDY PROGRAM INFORMATION NOTE
Program name 0
Interest level 0
Reading level 0
Title point value 620_105300000000000_BEE
526 ## - STUDY PROGRAM INFORMATION NOTE
Program name 0
Interest level 0
Reading level 0
Title point value 620_105400000000000_BEE
526 ## - STUDY PROGRAM INFORMATION NOTE
Program name 0
Interest level 0
Reading level 0
Title point value 620_105400000000000_BEE
650 ## - SUBJECT ADDED ENTRY--TOPICAL TERM
Topical term or geographic name entry element dynamics
9 (RLIN) 7202
942 ## - ADDED ENTRY ELEMENTS (KOHA)
Source of classification or shelving scheme
Koha item type Book
Holdings
Withdrawn status Lost status Source of classification or shelving scheme Damaged status Not for loan Permanent Location Current Location Date acquired Total Checkouts Total Renewals Full call number Barcode Date last seen Date last checked out Price effective from Koha item type
          Military College of Engineering (MCE) Military College of Engineering (MCE) 05/14/2014 4 2 620.1053 BEE MCE-29304 05/21/2020 02/28/2020 03/14/2021 Book
          Military College of Engineering (MCE) Military College of Engineering (MCE) 05/14/2014 6 1 620.1053 BEE MCE-24612 03/20/2020 02/28/2020 03/14/2021 Book
          Military College of Engineering (MCE) Military College of Engineering (MCE) 05/14/2014 6 2 620.1053 BEE MCE-29305 08/11/2020 04/24/2020 03/14/2021 Book
          Military College of Engineering (MCE) Military College of Engineering (MCE) 05/14/2014 1   620.1054 BEE MCE-24611 04/23/2018 04/05/2018 05/14/2014 Book
          Military College of Engineering (MCE) Military College of Engineering (MCE) 05/14/2014 1   620.1054 BEE MCE-29307 04/09/2018 04/05/2018 05/14/2014 Book
© 2023 Central Library, National University of Sciences and Technology. All Rights Reserved.